000 00550nam a2200229Ia 4500
003 OSt
005 20221005132129.0
006 a|||||r|||| 00| 0
007 ta
008 221004b |||||||| |||| 00| 0 tam d
024 _a47585
037 _cTextual
040 _aCRL
_cCRL
_btam
041 _2tam
_atam
082 _aO31:g, K0
100 _aSethupillai Au.
245 0 _aThamigh virunthu
260 _c1960
650 _aTAMIL LITERATURE
942 _hO31:g, K0
_cTEXL
_2cc
999 _c1062514
_d1062514